Nấm cộng sinh Mycorrhiza và vai trò trong sản xuất nông nghiệp, bảo vệ môi trường

Giới thiệu khái niệm, cấu trúc và phân loại nấm cộng sinh Mycorrhiza, đặc điểm phân bố của nấm rễ cộng sinh Mycorrhiza trong một số loại đất và cây ở Việt Nam,...

Enregistré dans:
Détails bibliographiques
Auteur principal: Nguyễn, Thu Hà
Format: Livre
Langue:Undetermined
Publié: Hà Nội Nông nghiệp 2019
Sujets:
Tags: Ajouter un tag
Pas de tags, Soyez le premier à ajouter un tag!
Thư viện lưu trữ: Trung tâm Học liệu Trường Đại học Cần Thơ
LEADER 00894nam a2200193Ia 4500
001 CTU_235883
008 210402s9999 xx 000 0 und d
082 |a 635.8 
082 |b H100 
100 |a Nguyễn, Thu Hà 
245 0 |a Nấm cộng sinh Mycorrhiza và vai trò trong sản xuất nông nghiệp, bảo vệ môi trường 
245 0 |c Nguyễn Thu Hà, Nguyễn Viết Hiệp 
260 |a Hà Nội 
260 |b Nông nghiệp 
260 |c 2019 
520 |a Giới thiệu khái niệm, cấu trúc và phân loại nấm cộng sinh Mycorrhiza, đặc điểm phân bố của nấm rễ cộng sinh Mycorrhiza trong một số loại đất và cây ở Việt Nam,... 
650 |a Trồng nấm,Mushroom culture 
910 |b nthai 
980 |a Trung tâm Học liệu Trường Đại học Cần Thơ